000 00618nam a2200181 i 4500
001 22103
003 ES-MaACL
005 20250831121724.0
007 t|
008 021211s1883 sp ||||1| spa d
110 2 _aAsociación para la Reforma de los Aranceles de Aduanas
_91779
245 1 0 _aMeeting celebrado en el teatro de la Alhambra el dia 11 de marzo de 1883 sobre las llamadas primeras materias.
260 _aMadrid :
_b[s.n.],
_c1883 (
_fImp. de Enrique de la Riva)
300 _a49 p. ;
_c21 cm.
852 _aES-MaACL
_jFol-Laf-380
852 _aES-MaACL
_jT-372-F-10
999 _c22103
_d22103